00556nam a2200133 a 450000100100000000500170001000800410002702000180006804000250008610000530011124501920016426000440035630000220040000004712120240301141933.0180417s2016 dr 000 spa d a9789945585179 aDO-SdBNPbspacBNPHU1 aGermán M., Mariano,d1946-q(Germán Mejía) 0aDiscurso pronunciado por el Dr. Mariano Germán Mejía :. :bPresidente del Poder Judicial, en ocasión de la conmemoración del día del poder judicial, /cMariano Germán Mejía. aSanto Domingo :bPoder Judicial,c2016. a75 p. ;c22. 5cm.